000 00458nam a2200181Ia 4500
005 20250423100942.0
008 250422s9999 xx 000 0 und d
020 _a97808049323669
050 _aQA 76.758 .W36/
100 _aWang, Yingxu
245 0 _aSoftware engineering processes: principles and application
260 _aBoca Raton
260 _bCRC Press
260 _c2000
300 _a697 p
650 _a Software engineering.
942 _cBK
999 _c34842
_d34842